<?xml version="1.0" encoding="UTF-8"?>
<marc:record xmlns:marc="http://www.loc.gov/MARC21/slim">
   <marc:leader>00000nam a2200000 a 4500</marc:leader>
   <marc:datafield ind1="1" ind2=" " tag="100">
      <marc:subfield code="a">Yuyama, Kunihiko</marc:subfield>
   </marc:datafield>
   <marc:datafield ind1=" " ind2=" " tag="653">
      <marc:subfield code="a">Pokémon</marc:subfield>
   </marc:datafield>
   <marc:datafield ind1=" " ind2=" " tag="653">
      <marc:subfield code="a">Seelenherz</marc:subfield>
   </marc:datafield>
   <marc:datafield ind1=" " ind2=" " tag="653">
      <marc:subfield code="a">Voldanion</marc:subfield>
   </marc:datafield>
   <marc:datafield ind1="0" ind2="0" tag="245">
      <marc:subfield code="a">Volcanion und das mechanische Wunderwerk</marc:subfield>
   </marc:datafield>
   <marc:datafield ind1="0" ind2="0" tag="245">
      <marc:subfield code="b">Volcanion und das mechanische Wunderwerk</marc:subfield>
   </marc:datafield>
   <marc:datafield ind1="0" ind2="0" tag="245">
      <marc:subfield code="c">Regie: Kunihiko Yuyama</marc:subfield>
   </marc:datafield>
   <marc:datafield ind1=" " ind2="1" tag="264">
      <marc:subfield code="a">München</marc:subfield>
      <marc:subfield code="b">Polyband Medien GmbH</marc:subfield>
      <marc:subfield code="c">2023</marc:subfield>
   </marc:datafield>
   <marc:datafield ind1="1" ind2=" " tag="490">
      <marc:subfield code="a">Pokémon</marc:subfield>
   </marc:datafield>
   <marc:datafield ind1="1" ind2=" " tag="520">
      <marc:subfield code="a">In diesem neuen Filmabenteuer begegnet Ash dem Mysteriösen Pokémon Volcanion, das plötzlich vom Himmel stürzt und eine riesige Staubwolke aufwirbelt. Ash wird durch eine wundersame Kraft mit dem Mysteriösen Pokémon Volcanion verbunden. Da das Pokémon Ash nicht loswerden kann, setzt es die Reise in eine Stadt voller Räderwerke fort. Dort haust auch ein korrupter Minister, der eine Erfindung gestohlen hat, womit man das bereits vor 500 Jahren erschaffene Fabrikat-Pokémon Magearna erschaffen kann. Mithilfe von Magearnas Kraft will dieser Minister das vollmechanische Königreich, in dem Ash gelandet ist, übernehmen. Nun stellt sich die Frage, ob sich Ash und Volcanion zusammenreißen können, um zusammen Magearna zu retten. Es entbrennt einer der gewaltigsten Kämpfe in der ganzen Pokémon-Geschichte.</marc:subfield>
   </marc:datafield>
   <marc:datafield ind1="3" ind2=" " tag="024">
      <marc:subfield code="a">4006448772277</marc:subfield>
   </marc:datafield>
   <marc:datafield ind1="0" ind2=" " tag="490">
      <marc:subfield code="v">0</marc:subfield>
   </marc:datafield>
   <marc:datafield ind1=" " ind2=" " tag="300">
      <marc:subfield code="a">1 DVD</marc:subfield>
   </marc:datafield>
</marc:record>
